00940nam a2200205Ia 4500952010400000999001700104008004100121020001500162050001600177245011300193260003600306300003900342500006500381505012600446519006100572650003600633650001200669700004600681942000700727 00104070a11b11d2007-01-08l21oBF318 A67p11 003297r2019-03-22s2019-03-22t1w2012-06-26yLB c70237d70237120626s1993 mx a 000 0 spa d a8448100972 aBF318 bA67 aAprendizaje y memoria humana b: Aspectos básicos y evolutivos c/ coordinador José I. Navarro Guzmán aMéxicob: McGraw Hillc, 1993 axv, 776 páginasb: ilustraciones aIncluye: Indice de autores (pp.v-vii), Prefacio (pp.xiii-xv) aHeurística Psicobiología de la memoria y el aprendizaje Psicología de la memoria Psicología del aprendizaje aMaterial complementario / bPsicología / d(11 003297) 0aAPRENDIZAJE, PSICOLOGÍA DEL  0aMEMORIA aNavarro Guzmán, José I. ecoordinador cLB